Distance learning technologies: Issues, trends and opportunities (Record no. 1385620)

MARC details
000 -LEADER
fixed length control field 00660nam a2200217Ia 4500
005 - DATE AND TIME OF LATEST TRANSACTION
control field 20250508163843.0
008 - FIXED-LENGTH DATA ELEMENTS--GENERAL INFORMATION
fixed length control field 008 250505s9999 xx 000 0 eng d
020 ## - INTERNATIONAL STANDARD BOOK NUMBER
International Standard Book Number 1-878-28980-2
037 ## - SOURCE OF ACQUISITION
Stock number Reference
040 ## - CATALOGING SOURCE
Original cataloging agency FEDL
Language of cataloging eng
Transcribing agency FEDL
041 ## - LANGUAGE CODE
Language code of text/sound track or separate title eng
Source of code eng
084 ## - COLON CLASSIFICATION NUMBER
Classification number 371.3, LAU
Assigning agency FEDL
100 ## - MAIN ENTRY--PERSONAL NAME
Personal name Lau Linda K
9 (RLIN) 622716
245 #0 - TITLE STATEMENT
Title Distance learning technologies: Issues, trends and opportunities
260 ## - PUBLICATION, DISTRIBUTION, ETC.
Place of publication, distribution, etc. Hershey USA
Name of publisher, distributor, etc. Idea Group Publishing
Date of publication, distribution, etc. 2000
300 ## - PHYSICAL DESCRIPTION
Extent ii,252p
365 ## - TRADE PRICE
Price type code USD
Price amount 69.95
650 ## - SUBJECT ADDED ENTRY--TOPICAL TERM
Topical term or geographic name entry element Educational technologies; Distance education
9 (RLIN) 776575
942 ## - ADDED ENTRY ELEMENTS (KOHA)
Koha item type Reference
Classification part 371.3, LAU
Holdings
Withdrawn status Lost status Damaged status Not for loan Home library Current library Date acquired Cost, normal purchase price Total Checkouts Full call number Barcode Date last seen Price effective from Koha item type
        Department of Education Library Department of Education Library 2025-05-08 69.95   371.3, LAU EL0079188 2025-05-08 2025-05-08 Reference
Copyright @ Delhi University Library System